[Event "Chinese League (Div.A)"]
[Site "?"]
[Date "2012.04.30"]
[Round "3"]
[White "Li, Chao b"]
[Black "Yang, Kaiqi"]
[Result "1-0"]
[WhiteElo "2703"]
[BlackElo "2417"]
[PlyCount "109"]
[EventDate "2012.??.??"]
[SourceDate "2012.04.30"]

1. Nf3 Nf6 2. c4 c6 3. d4 d5 4. Nc3 dxc4 5. a4 Bf5 6. Ne5 e6 7. g3 Bb4 8. Bg2
Ne4 9. Bxe4 Bxe4 10. f3 Bg6 11. h4 f6 12. Nxg6 hxg6 13. Kf2 c5 14. Qc2 Kf7 15.
dxc5 Bxc5+ 16. Kg2 Na6 17. Rd1 Qe7 18. Ne4 Rhd8 19. Bf4 e5 20. Rxd8 Rxd8 21.
Ng5+ Kf8 22. Qxc4 exf4 23. Ne6+ Ke8 24. Nxd8 Kxd8 25. Rd1+ Bd6 26. gxf4 Nc7 27.
e4 Kc8 28. Qg8+ Qf8 29. Qxf8+ Bxf8 30. h5 gxh5 31. f5 b5 32. axb5 Nxb5 33. Kg3
Bd6+ 34. Kh4 Kd7 35. Kxh5 Kc6 36. Kg6 Be5 37. b4 Nc3 38. Rd3 Ne2 39. Kxg7 Kb5
40. Rd2 Nf4 41. Rd7 Kxb4 42. Rxa7 Kc4 43. Rd7 Kc5 44. Kf7 Kc6 45. Rd8 Kc7 46.
Ke7 Ne2 47. Rd5 Ba1 48. Rd7+ Kc8 49. Rd6 Nf4 50. Rc6+ Kb7 51. Rxf6 Bxf6+ 52.
Kxf6 Kc8 53. Ke7 Kc7 54. f6 Ng6+ 55. Ke8 1-0

[Event "Chinese League (Div.A)"]
[Site "?"]
[Date "2012.04.30"]
[Round "3"]
[White "Gao, Rui"]
[Black "Riazantsev, Alexander"]
[Result "0-1"]
[WhiteElo "2420"]
[BlackElo "2710"]
[PlyCount "146"]
[EventDate "2012.??.??"]
[SourceDate "2012.04.30"]

1. e4 c6 2. d4 d5 3. Nc3 dxe4 4. Nxe4 Bf5 5. Ng3 Bg6 6. h4 h6 7. Nf3 Nd7 8. h5
Bh7 9. Bd3 Bxd3 10. Qxd3 e6 11. Bd2 Ngf6 12. O-O-O Be7 13. Ne4 Nxe4 14. Qxe4
Nf6 15. Qd3 b5 16. Ne5 Qd5 17. Kb1 a5 18. g4 Ne4 19. Be3 a4 20. c4 bxc4 21.
Qxc4 Qxc4 22. Nxc4 a3 23. f3 Nf6 24. bxa3 Ra4 25. Ne5 Nd5 26. Rd3 Bxa3 27. Bc1
Bd6 28. Nxc6 f6 29. Bd2 Kd7 30. Na5 Ra8 31. Nb3 Rxa2 32. Rc1 Ke7 33. Rc4 R2a7
34. Nc1 f5 35. Rb3 Rf8 36. Nd3 fxg4 37. fxg4 Rf1+ 38. Rc1 Rxc1+ 39. Nxc1 Nf6
40. Nd3 Nxg4 41. Bf4 Rd7 42. Rb6 Nf6 43. Be5 Nd5 44. Rb2 Nf6 45. Rb6 Nd5 46.
Rb2 Bxe5 47. Nxe5 Rc7 48. Rg2 Kf8 49. Ng6+ Kf7 50. Ne5+ Kg8 51. Rb2 Nc3+ 52.
Kc1 Na4+ 53. Rc2 Rxc2+ 54. Kxc2 Nb6 55. Kd3 Nd5 56. Ng6 Kf7 57. Kc4 Kf6 58. Kc5
Ne7 59. Nh4 Nf5 60. Nf3 Ng3 61. d5 exd5 62. Kxd5 Kf5 63. Nd4+ Kg4 64. Ke6 Kxh5
65. Kf7 g5 66. Kg7 Kg4 67. Kg6 h5 68. Nc6 Kf4 69. Nb4 g4 70. Nd5+ Kf3 71. Kg5
Ne4+ 72. Kh4 g3 73. Ne3 Kxe3 0-1

[Event "Chinese League (Div.A)"]
[Site "?"]
[Date "2012.05.01"]
[Round "4"]
[White "Yu, Lie"]
[Black "Li, Chao b"]
[Result "0-1"]
[WhiteElo "2417"]
[BlackElo "2703"]
[PlyCount "72"]
[EventDate "2012.??.??"]
[SourceDate "2012.05.02"]

1. e4 c5 2. Nf3 g6 3. Bc4 Bg7 4. c3 d6 5. O-O Nf6 6. Re1 O-O 7. d3 Nc6 8. Nbd2
Na5 9. Bb5 a6 10. Ba4 b5 11. Bc2 e5 12. Nf1 h6 13. a3 Nc6 14. Ne3 d5 15. b4 d4
16. cxd4 exd4 17. Nf1 c4 18. dxc4 bxc4 19. Ba4 Bb7 20. e5 Nd7 21. Bxc6 Bxc6 22.
Nxd4 Nxe5 23. Nxc6 Nxc6 24. Rb1 Qxd1 25. Rxd1 c3 26. Re1 Nd4 27. Ne3 Rfd8 28.
Kf1 Rac8 29. f4 c2 30. Rb2 Nf5 31. Ra2 Nxe3+ 32. Bxe3 Rd1 33. Ke2 Rxe1+ 34.
Kxe1 c1=Q+ 35. Bxc1 Rxc1+ 36. Ke2 Rc3 0-1

[Event "Chinese League (Div.A)"]
[Site "?"]
[Date "2012.05.01"]
[Round "4"]
[White "Riazantsev, Alexander"]
[Black "Yu, Ruiyuan"]
[Result "1/2-1/2"]
[WhiteElo "2710"]
[BlackElo "2511"]
[PlyCount "59"]
[EventDate "2012.??.??"]

1. d4 d5 2. c4 c6 3. Nf3 Nf6 4. Nc3 dxc4 5. a4 Bf5 6. Ne5 e6 7. g3 Bb4 8. Bg2
Ne4 9. Bxe4 Bxe4 10. O-O Bg6 11. Nxc4 O-O 12. Qb3 Na6 13. Na2 Qe7 14. Bf4 Rfd8
15. Nxb4 Qxb4 16. Qc3 Rd5 17. Rfc1 Rad8 18. Be3 f6 19. f3 Qxc3 20. bxc3 c5 21.
a5 cxd4 22. Bxd4 Nc5 23. e4 Rxd4 24. cxd4 Nb3 25. a6 bxa6 26. Ne3 Nxc1 27. Rxc1
Rxd4 28. Rc6 Kf7 29. Rxa6 Rd7 30. Nc4 1/2-1/2

[Event "Chinese League (Div.A)"]
[Site "?"]
[Date "2012.06.27"]
[Round "5"]
[White "Malakhov, Vladimir"]
[Black "Lin, Chen"]
[Result "0-1"]
[WhiteElo "2712"]
[BlackElo "2446"]
[PlyCount "88"]
[EventDate "2012.04.28"]
[EventType "team"]
[EventRounds "22"]
[EventCountry "CHN"]
[WhiteTeam "Tianjin "]
[BlackTeam "Wuxi Huafang Construction Team"]

1. c4 Nf6 2. Nf3 g6 3. g3 Bg7 4. Bg2 O-O 5. O-O d6 6. d4 Nc6 7. Nc3 a6 8. Bf4
Bf5 9. Rc1 Ne4 10. Nd5 e6 11. Ne3 g5 12. Nxf5 exf5 13. Be3 Qf6 14. Nd2 Rae8 15.
d5 Nd4 16. Nxe4 fxe4 17. Qd2 h6 18. c5 Nf5 19. cxd6 cxd6 20. Rc7 Nxe3 21. fxe3
Qxb2 22. Qxb2 Bxb2 23. Rb1 Ba3 24. Rbxb7 Bc5 25. Kf2 g4 26. Rc6 Kg7 27. Rxa6
Kg6 28. Rc7 f6 29. Rcc6 Kg7 30. Ke1 f5 31. Kd2 Ra8 32. Kc2 Rxa6 33. Rxa6 Kf6
34. Rc6 Ra8 35. Kb2 h5 36. Rc7 Rh8 37. h3 Rb8+ 38. Kc2 Rb4 39. Rc8 Rc4+ 40. Kd1
Rc3 41. Rc7 Rxe3 42. hxg4 hxg4 43. Ke1 Rxg3 44. Kf1 Ra3 0-1

[Event "Chinese League (Div.A)"]
[Site "?"]
[Date "2012.06.27"]
[Round "5"]
[White "Liu, Qingnan"]
[Black "Riazantsev Alexander"]
[Result "1/2-1/2"]
[WhiteElo "2461"]
[BlackElo "2710"]
[PlyCount "99"]
[EventDate "2012.04.28"]
[EventType "team"]
[EventRounds "22"]
[EventCountry "CHN"]
[WhiteTeam "Tianjin "]
[BlackTeam "Wuxi Huafang Construction Team"]

1. e4 e6 2. Qe2 c5 3. g3 Nc6 4. Nf3 g6 5. Bg2 Bg7 6. O-O e5 7. c3 Nge7 8. b4
cxb4 9. cxb4 d6 10. b5 Nd4 11. Nxd4 exd4 12. Qd3 O-O 13. Bb2 d5 14. e5 Bxe5 15.
Bxd4 Bf5 16. Qe3 Bxd4 17. Qxd4 Qb6 18. Qh4 Rfe8 19. Nc3 Be6 20. a4 Nf5 21. Qf4
Red8 22. a5 Qd4 23. Ra4 Qxf4 24. Rxf4 Rac8 25. Re1 Rc5 26. Re5 Ne7 27. Bh3 Bxh3
28. Rxe7 Rd7 29. Re5 Be6 30. Rb4 Kg7 31. Kf1 Rd8 32. Ke2 a6 33. f4 Ra8 34. bxa6
bxa6 35. Rb7 Bc8 36. Rb4 Be6 37. Rb7 Bc8 38. Rb6 Bg4+ 39. Ke3 Rd8 40. Kd4 Rxa5
41. Re7 Bd7 42. Rb7 Be8 43. Re1 h5 44. Ra7 Rb8 45. Re5 Rd8 46. Re6 Bb5 47. Ree7
Be8 48. Re6 Bb5 49. Ree7 Be8 50. Re6 1/2-1/2

[Event "Chinese League (Div.A)"]
[Site "?"]
[Date "2012.06.27"]
[Round "5"]
[White "Li, Chao B"]
[Black "Wang, Chen"]
[Result "1/2-1/2"]
[WhiteElo "2703"]
[BlackElo "2490"]
[PlyCount "84"]
[EventDate "2012.04.28"]
[EventType "team"]
[EventRounds "22"]
[EventCountry "CHN"]
[WhiteTeam "Beijing AIGO Team"]
[BlackTeam "Chongqing Team"]

1. d4 d5 2. c4 e6 3. Nf3 Nf6 4. g3 g6 5. Bg2 Bg7 6. O-O O-O 7. Nc3 Nc6 8. Bg5
h6 9. Bxf6 Bxf6 10. e3 Ne7 11. Ne5 c5 12. Qf3 Nf5 13. cxd5 cxd4 14. exd4 Nxd4
15. Qf4 Nf5 16. Rad1 exd5 17. Nxd5 Bg7 18. Rfe1 g5 19. Qc1 Qa5 20. h4 Be6 21.
hxg5 Rad8 22. Nf6+ Kh8 23. Neg4 Rxd1 24. Rxd1 h5 25. Nh2 Bxf6 26. gxf6 Rg8 27.
Nf3 Rg6 28. Qf4 Rg4 29. Qe5 Qb6 30. a4 a5 31. Qb5 Qxb5 32. axb5 Kh7 33. Rd8 Rb4
34. Ng5+ Kg6 35. Nxe6 fxe6 36. f7 Kxf7 37. Rd7+ Kf6 38. Bf1 h4 39. gxh4 Nxh4
40. Rxb7 Rxb2 41. Ra7 Nf3+ 42. Kg2 Nh4+ 1/2-1/2

[Event "Chinese League (Div.A)"]
[Site "?"]
[Date "2012.06.28"]
[Round "6"]
[White "Riazantsev Alexander"]
[Black "Wen, Yang"]
[Result "0-1"]
[WhiteElo "2710"]
[BlackElo "2549"]
[PlyCount "179"]
[EventDate "2012.04.28"]
[EventType "team"]
[EventRounds "22"]
[EventCountry "CHN"]
[WhiteTeam "Wuxi Huafang Construction Team"]
[BlackTeam "Shandong Gree Team"]

1. d4 Nf6 2. c4 g6 3. Nc3 Bg7 4. e4 d6 5. h3 O-O 6. Be3 e5 7. d5 Nfd7 8. g4 a5
9. h4 Na6 10. Nge2 Nf6 11. f3 h5 12. g5 Nd7 13. Qd2 f6 14. O-O-O fxg5 15. Bxg5
Qe8 16. Ng1 Nb6 17. Kb1 Bd7 18. Rh2 Nc5 19. Rg2 Kh7 20. Rh2 Rf7 21. Be2 Bf6 22.
Be3 Qd8 23. Qe1 Bg7 24. Qd2 Bf6 25. Nh3 Bxh3 26. Rxh3 Nbd7 27. Rdh1 b6 28. R3h2
Qe7 29. Nd1 Rg8 30. Nf2 Kh8 31. Bf1 Nf8 32. Be2 Rh7 33. Bd1 Rf7 34. Bc2 Nh7 35.
Qd1 Qf8 36. Qd2 Qd8 37. a3 Qe7 38. Ka2 Qd8 39. Rh3 Qf8 40. Bd1 Qa8 41. R3h2 Qf8
42. Be2 Qa8 43. Nd1 Qd8 44. Nc3 Nf8 45. Qc2 Kh7 46. b4 axb4 47. axb4 Ncd7 48.
Nb5 Kh8 49. Qd2 Be7 50. Kb3 Nh7 51. Ra1 Ndf6 52. Na7 Bf8 53. Nc6 Qe8 54. Ra7
Bg7 55. Rg2 Nf8 56. Qc1 N6h7 57. Rh2 Bf6 58. Qd2 Rfg7 59. Bh6 Rf7 60. Qa2 Rd7
61. Ra8 Qf7 62. Qa1 g5 63. hxg5 Bxg5 64. Bxg5 Rxg5 65. Qc1 Qf6 66. Qh1 Qg6 67.
Qf1 Rg7 68. Qh3 Qf6 69. Qh4 Rg8 70. Ra7 Ng6 71. Qf2 Rg7 72. Ra8+ Rg8 73. Ra7
Rg7 74. Ra8+ Nhf8 75. Ka4 Nf4 76. Bf1 Rg8 77. Kb5 Rg3 78. Ra7 R3g7 79. Bh3 N8g6
80. Bg4 Qg5 81. Qd2 Nh4 82. Qf2 Nhg6 83. Qd2 Nh4 84. Qf2 Nfg6 85. Be6 Rf8 86.
Rh3 Qf4 87. Nb8 Rxb8 88. Kc6 Qf8 89. Kb5 Qe8+ 90. Ka6 0-1

[Event "Chinese League (Div.A)"]
[Site "?"]
[Date "2012.06.28"]
[Round "6"]
[White "Malakhov, Vladimir"]
[Black "Yu, Yangyi"]
[Result "1-0"]
[WhiteElo "2712"]
[BlackElo "2615"]
[PlyCount "85"]
[EventDate "2012.04.28"]
[EventType "team"]
[EventRounds "22"]
[EventCountry "CHN"]
[WhiteTeam "Tianjin "]
[BlackTeam "Beijing AIGO Team"]

1. c4 c5 2. Nf3 Nc6 3. Nc3 Nf6 4. g3 b6 5. Bg2 Bb7 6. O-O g6 7. e4 Bg7 8. d4
cxd4 9. Nxd4 Nxd4 10. Qxd4 O-O 11. Qd3 Rc8 12. Bd2 d6 13. Rac1 Qc7 14. b3 Qb8
15. Rfe1 Rfe8 16. Nd5 e6 17. Nxf6+ Bxf6 18. Bb4 Rcd8 19. Rcd1 Qa8 20. Qe3 Qb8
21. a4 Rd7 22. Rd3 Bg7 23. Qf4 Red8 24. Red1 Bf8 25. Bc3 Bg7 26. Bb4 Bf8 27. h4
Qa8 28. h5 f5 29. hxg6 Bxe4 30. Bxe4 Qxe4 31. gxh7+ Kxh7 32. Qxe4 fxe4 33. Re3
a5 34. Ba3 Kg6 35. Rxe4 d5 36. Rg4+ Kh5 37. f3 dxc4 38. Rxd7 Rxd7 39. Bxf8 cxb3
40. Kf2 Rd1 41. Rg8 Rd2+ 42. Ke3 Ra2 43. f4 1-0

[Event "Chinese League (Div.A)"]
[Site "?"]
[Date "2012.06.28"]
[Round "6"]
[White "Liu, Qingnan"]
[Black "Li, Chao B"]
[Result "1/2-1/2"]
[WhiteElo "2461"]
[BlackElo "2703"]
[PlyCount "60"]
[EventDate "2012.04.28"]
[EventType "team"]
[EventRounds "22"]
[EventCountry "CHN"]
[WhiteTeam "Tianjin "]
[BlackTeam "Beijing AIGO Team"]

1. e4 e5 2. Nc3 Nc6 3. g3 g6 4. Bg2 Bg7 5. d3 d6 6. Nd5 Be6 7. Ne2 Nd4 8. Nxd4
exd4 9. O-O Bxd5 10. exd5 Ne7 11. Re1 O-O 12. Bg5 Re8 13. Qe2 Qd7 14. Bxe7 Bf8
15. Qe4 Qxe7 16. Qxe7 Rxe7 17. Rxe7 Bxe7 18. Re1 Kf8 19. h4 Re8 20. Kf1 h5 21.
Bh3 f5 22. f4 Bf6 23. Bg2 Rxe1+ 24. Kxe1 Ke7 25. Kd2 Kd7 26. Bf3 Bg7 27. Bg2
Bf6 28. Bf3 Bg7 29. Bg2 Bf6 30. Bf3 Bg7 1/2-1/2

[Event "Chinese League (Div.A)"]
[Site "?"]
[Date "2012.06.29"]
[Round "7"]
[White "Yu, Yangyi"]
[Black "Riazantsev Alexander"]
[Result "0-1"]
[WhiteElo "2615"]
[BlackElo "2710"]
[PlyCount "102"]
[EventDate "2012.04.28"]
[EventType "team"]
[EventRounds "22"]
[EventCountry "CHN"]
[WhiteTeam "Beijing AIGO Team"]
[BlackTeam "Wuxi Huafang Construction Team"]

1. e4 c6 2. d4 d5 3. e5 Bf5 4. Nc3 a6 5. g4 Bd7 6. Na4 h5 7. g5 g6 8. Bd3 b6 9.
c3 e6 10. Be3 Ne7 11. Qb3 Nc8 12. Qc2 Ne7 13. Qb3 Nc8 14. Qc2 Ne7 15. Ne2 Bc8
16. Nf4 Bg7 17. Rg1 Ra7 18. Rg3 Qc7 19. O-O-O a5 20. b3 Nf5 21. Bxf5 exf5 22.
Kb1 Na6 23. Qe2 Be6 24. c4 dxc4 25. Nxe6 fxe6 26. Qxc4 Kf7 27. Nxb6 Qxb6 28. d5
c5 29. f4 exd5 30. Rxd5 Qe6 31. Bd2 Bf8 32. Bxa5 Be7 33. Rgd3 Nb4 34. Bxb4 cxb4
35. Qb5 Qa6 36. Qxa6 Rxa6 37. Rd7 Rc8 38. Rb7 Rac6 39. Rd2 R8c7 40. Rb8 Rc1+
41. Kb2 Rc8 42. Rb7 R8c7 43. Rb6 R1c6 44. Rb8 Bc5 45. Rbd8 Be3 46. R2d7+ Rxd7
47. Rxd7+ Ke8 48. Rd5 Bc1+ 49. Kb1 Bxf4 50. Rd4 Bxh2 51. Rxb4 f4 0-1

[Event "Chinese League (Div.A)"]
[Site "?"]
[Date "2012.06.29"]
[Round "7"]
[White "Wang, Hao"]
[Black "Ma, Qun"]
[Result "1/2-1/2"]
[WhiteElo "2733"]
[BlackElo "2481"]
[PlyCount "103"]
[EventDate "2012.04.28"]
[EventType "team"]
[EventRounds "22"]
[EventCountry "CHN"]
[WhiteTeam "Chengdu Bank Team"]
[BlackTeam "Tianjin "]

1. e4 Nf6 2. e5 Nd5 3. d4 d6 4. Nf3 Nc6 5. c4 Nb6 6. e6 fxe6 7. Nc3 e5 8. d5
Nd4 9. Ng5 Bf5 10. Bd3 Qd7 11. Be3 h6 12. Bxf5 Qxf5 13. Nge4 c5 14. O-O g5 15.
Qd3 Qd7 16. b4 cxb4 17. Bxd4 exd4 18. Nb5 Bg7 19. Rab1 O-O 20. Rxb4 Rf4 21. g3
Rf7 22. Nxd4 Bxd4 23. Qxd4 Raf8 24. a4 Qf5 25. Nd2 Nd7 26. Rxb7 Ne5 27. f3 Qc2
28. Qe3 a5 29. c5 Qxa4 30. c6 Qa2 31. Rb5 a4 32. Qc3 e6 33. f4 exd5 34. c7 Nc4
35. Rb8 Qxd2 36. Qxd2 Nxd2 37. Rc1 Nc4 38. c8=Q Rxc8 39. Rxc8+ Kg7 40. fxg5
hxg5 41. Ra8 a3 42. Rd1 g4 43. Rd4 Ne3 44. Rf4 Rxf4 45. gxf4 Nc4 46. Kf2 Kg6
47. Rf8 Kg7 48. Ra8 Kg6 49. Ke2 Kf5 50. Kd3 Kxf4 51. Kd4 Kf3 52. Ra7 1/2-1/2

[Event "Chinese League (Div.A)"]
[Site "?"]
[Date "2012.06.29"]
[Round "7"]
[White "Ni, Hua"]
[Black "Motylev Alexander"]
[Result "1/2-1/2"]
[WhiteElo "2637"]
[BlackElo "2683"]
[PlyCount "59"]
[EventDate "2012.04.28"]
[EventType "team"]
[EventRounds "22"]
[EventCountry "CHN"]
[WhiteTeam "Shanghai Jianqiao Academy Team"]
[BlackTeam "Chongqing Team"]

1. e4 c6 2. Nf3 d5 3. Nc3 Bg4 4. h3 Bxf3 5. Qxf3 Nf6 6. Be2 e6 7. O-O Nbd7 8.
d4 Nxe4 9. Nxe4 dxe4 10. Qxe4 Nf6 11. Qd3 Bd6 12. Rd1 Qe7 13. Bg5 h6 14. Bxf6
Qxf6 15. Qf3 Qxf3 16. Bxf3 O-O-O 17. Kf1 Rhe8 18. c3 Kc7 19. Rd3 e5 20. dxe5
Bxe5 21. Rxd8 Rxd8 22. Rd1 Rxd1+ 23. Bxd1 Kd6 24. Ke2 Ke7 25. Kd3 g6 26. g3 Bc7
27. Bc2 Bb6 28. Ke2 Bc7 29. Bd3 Bd6 30. Bc2 1/2-1/2

[Event "Chinese League (Div.A)"]
[Site "?"]
[Date "2012.06.29"]
[Round "7"]
[White "Liu, Guanchu"]
[Black "Malakhov, Vladimir"]
[Result "0-1"]
[WhiteElo "2260"]
[BlackElo "2712"]
[PlyCount "73"]
[EventDate "2012.04.28"]
[EventType "team"]
[EventRounds "22"]
[EventCountry "CHN"]
[WhiteTeam "Chengdu Bank Team"]
[BlackTeam "Tianjin "]

1. e4 c5 2. Nf3 d6 3. d4 cxd4 4. Nxd4 Nf6 5. Nc3 Nc6 6. Bg5 Bd7 7. Qd2 h6 8.
Bxf6 gxf6 9. O-O-O Nxd4 10. Qxd4 Qa5 11. f4 Rc8 12. Be2 Qc5 13. Qd3 h5 14. Kb1
e6 15. Rhf1 a6 16. f5 Qe5 17. Qh3 h4 18. Bg4 Kd8 19. Qf3 Be7 20. Ne2 Rc4 21.
Nf4 Qxe4 22. fxe6 fxe6 23. Qb3 Ba4 24. Qb6+ Ke8 25. Rde1 Qxc2+ 26. Ka1 Qd2 27.
Qxb7 Rxf4 28. Qc8+ Bd8 29. Qxe6+ Kf8 30. Bf3 Kg7 31. Bd5 Re8 32. Qf7+ Kh6 33.
Be6 Rxf1 34. Rxf1 Qxg2 35. Rxf6+ Bxf6 36. Qxf6+ Qg6 37. Qxh4+ 0-1

[Event "Chinese League (Div.A)"]
[Site "?"]
[Date "2012.06.29"]
[Round "7"]
[White "Li, Chao B"]
[Black "Lin, Chen"]
[Result "1/2-1/2"]
[WhiteElo "2703"]
[BlackElo "2446"]
[PlyCount "133"]
[EventDate "2012.04.28"]
[EventType "team"]
[EventRounds "22"]
[EventCountry "CHN"]
[WhiteTeam "Beijing AIGO Team"]
[BlackTeam "Wuxi Huafang Construction Team"]

1. d4 Nf6 2. c4 g6 3. Nc3 Bg7 4. e4 d6 5. h3 O-O 6. Bg5 c5 7. d5 e6 8. Nf3 exd5
9. cxd5 Re8 10. Bd3 c4 11. Bc2 b5 12. O-O a6 13. Qd2 Nbd7 14. a3 Qb6 15. Be3
Nc5 16. Rfe1 a5 17. Bd4 Bb7 18. Rad1 Nfd7 19. Bxg7 Kxg7 20. Nd4 Nd3 21. Ncxb5
Nxe1 22. Qxe1 Kg8 23. Qc3 Ba6 24. a4 Bxb5 25. Nxb5 Rac8 26. Rd4 Rc5 27. Kh2
Rec8 28. f4 Rxb5 29. axb5 Qxb5 30. Bd1 Qb4 31. Bg4 Qxc3 32. bxc3 f5 33. exf5 h5
34. Be2 gxf5 35. Bxc4 Nb6 36. Bd3 Rxc3 37. Bxf5 a4 38. Bb1 a3 39. Rb4 Nd7 40.
Ra4 h4 41. Ra6 Nc5 42. Rxd6 Rb3 43. Rd8+ Kg7 44. Bf5 Rb6 45. d6 Nb7 46. Rb8 a2
47. Ra8 Nxd6 48. Be6 Rb4 49. Rxa2 Rxf4 50. Rd2 Ne4 51. Rd7+ Kg6 52. Bd5 Nf6 53.
Rd6 Rf1 54. Bf3 Re1 55. g3 hxg3+ 56. Kxg3 Rg1+ 57. Kf4 Ra1 58. Bd1 Rc1 59. Be2
Rc5 60. h4 Rd5 61. h5+ Kf7 62. Bc4 Ke7 63. Rxd5 Nxd5+ 64. Kg5 Kf8 65. h6 Kg8
66. Kg6 Kh8 67. Bxd5 1/2-1/2

[Event "Chess Olympiad 2012"]
[Site "?"]
[Date "????.??.??"]
[Round "1"]
[White "Ahmed, Ali Layth"]
[Black "Volokitin, Andrei"]
[Result "0-1"]
[WhiteElo "2360"]
[BlackElo "2709"]
[PlyCount "78"]

1. d4 Nf6 2. c4 g6 3. Nc3 d5 4. Nf3 Bg7 5. Bg5 dxc4 6. e4 c5 7. dxc5 Qa5 8. Bd2
O-O 9. Bxc4 Qxc5 10. Qe2 Bg4 11. Bb3 Nc6 12. Qe3 Qxe3+ 13. Bxe3 Bxf3 14. gxf3
Rfd8 15. Rd1 Nh5 16. Bd5 Nb4 17. O-O Bxc3 18. bxc3 Nxd5 19. Rxd5 Rxd5 20. exd5
Rc8 21. Rc1 b5 22. a4 bxa4 23. c4 Nf6 24. Bxa7 Nxd5 25. c5 Ra8 26. Bb6 a3 27.
Kf1 a2 28. Ra1 Kf8 29. Ke2 Ke8 30. Kd2 Kd7 31. Kc2 Kc6 32. Kb3 Nxb6 33. cxb6
Kxb6 34. Rxa2 Rxa2 35. Kxa2 Kc5 36. Kb3 Kd4 37. Kc2 Ke5 38. Kd3 Kf4 39. Ke2 g5
0-1

[Event "Chess Olympiad 2012"]
[Site "?"]
[Date "????.??.??"]
[Round "1"]
[White "Almasi, Zoltan"]
[Black "Shukuraliev, Algis"]
[Result "1/2-1/2"]
[WhiteElo "2713"]
[BlackElo "2360"]
[PlyCount "154"]

1. e4 e5 2. Nf3 Nc6 3. Bc4 Bc5 4. O-O d6 5. c3 Bg4 6. h3 Bh5 7. Re1 Bb6 8. d3
Nf6 9. Nbd2 O-O 10. Nf1 Na5 11. Bb5 d5 12. Qe2 c6 13. Ba4 Bc7 14. Ng3 Bg6 15.
Bc2 b5 16. Bg5 Re8 17. b4 Nb7 18. Bb3 dxe4 19. Nxe4 Bxe4 20. dxe4 h6 21. Bh4
Qe7 22. a4 a6 23. Nh2 g5 24. Bg3 Nd6 25. Qf3 a5 26. h4 axb4 27. cxb4 bxa4 28.
Bxa4 Nb5 29. Bxb5 cxb5 30. hxg5 hxg5 31. Qf5 Nh7 32. Rxa8 Rxa8 33. Ng4 Qe6 34.
Qxe6 fxe6 35. Bxe5 Bxe5 36. Nxe5 Ra4 37. Nc6 Nf6 38. f3 Ra2 39. Nd4 Kf7 40. Rc1
Nh5 41. Rc5 Kf6 42. e5+ Kf7 43. Rc7+ Kg6 44. Nxe6 Kf5 45. Ng7+ Nxg7 46. Rxg7
Re2 47. Rf7+ Ke6 48. Rf6+ Kxe5 49. Rb6 Kf4 50. Rxb5 g4 51. fxg4 Kg3 52. Kf1
Rf2+ 53. Ke1 Rxg2 54. g5 Kf3 55. Rc5 Ke3 56. Kf1 Rg4 57. Rb5 Kf3 58. Rf5+ Ke3
59. Re5+ Kd4 60. Rc5 Ke3 61. Rb5 Kf3 62. Ke1 Ke3 63. Kd1 Kd3 64. Rd5+ Ke4 65.
Rc5 Kd3 66. Ke1 Ke3 67. Re5+ Kd4 68. Rb5 Ke3 69. Kf1 Kf3 70. Rf5+ Ke3 71. Re5+
Kd4 72. Ra5 Ke3 73. Rc5 Rxb4 74. Kg2 Kf4 75. Kh3 Rb8 76. g6 Rh8+ 77. Kg2 Rg8
1/2-1/2

[Event "Chess Olympiad 2012"]
[Site "?"]
[Date "????.??.??"]
[Round "1"]
[White "Bruzon, Batista Lazaro"]
[Black "Nanjo, Ryosuke"]
[Result "1-0"]
[WhiteElo "2711"]
[BlackElo "2316"]
[PlyCount "57"]

1. d4 f5 2. Nc3 Nf6 3. Bg5 d5 4. e3 e6 5. Nf3 Be7 6. Bd3 Ne4 7. Bxe7 Qxe7 8.
O-O O-O 9. Ne2 Bd7 10. c4 c6 11. Ne5 Be8 12. Bxe4 dxe4 13. Qb3 Qc7 14. c5 Bf7
15. Nf4 Re8 16. f3 exf3 17. Rxf3 Nd7 18. Nxf7 Kxf7 19. g4 g6 20. gxf5 gxf5 21.
e4 Nf8 22. exf5 Kg8 23. fxe6 Kh8 24. Kh1 Qg7 25. Rg1 Qxd4 26. e7 Nd7 27. Qf7
Rg8 28. Rxg8+ Rxg8 29. Qxg8+ 1-0

[Event "Chess Olympiad 2012"]
[Site "?"]
[Date "????.??.??"]
[Round "1"]
[White "Jakovenko, Dmitry"]
[Black "Fernandez, Francis"]
[Result "1-0"]
[WhiteElo "2722"]
[BlackElo "2289"]
[PlyCount "73"]

1. e4 c5 2. Nf3 d6 3. d4 cxd4 4. Nxd4 Nf6 5. Nc3 a6 6. Be3 e5 7. Nb3 Be6 8. Qd2
Nbd7 9. f4 Rc8 10. O-O-O b5 11. Kb1 Be7 12. f5 Bc4 13. g4 Bxf1 14. Rhxf1 Rc4
15. Qd3 Nxg4 16. Rg1 Nxe3 17. Qxe3 h6 18. Qe2 Nb6 19. Rd3 O-O 20. Rdg3 Bf6 21.
Qg2 Kh8 22. Rxg7 Bg5 23. Rxg5 Qxg5 24. Qf2 Qd8 25. Qe3 Kh7 26. f6 Rg8 27. Rxg8
Kxg8 28. Qg3+ Kf8 29. Qg7+ Ke8 30. Qg8+ Kd7 31. Qxf7+ Kc8 32. Qa7 Qc7 33. Qxa6+
Kd8 34. Nxb5 Qc6 35. Na5 Qxe4 36. Qxb6+ Kd7 37. Qxd6+ 1-0

[Event "Chess Olympiad 2012"]
[Site "?"]
[Date "????.??.??"]
[Round "1"]
[White "Karjakin, Sergey"]
[Black "Pinal, Nelson"]
[Result "1-0"]
[WhiteElo "2785"]
[BlackElo "2322"]
[PlyCount "73"]

1. e4 c5 2. Nf3 Nc6 3. Bb5 g6 4. Bxc6 dxc6 5. d3 Bg7 6. h3 e5 7. a3 Ne7 8. b4
cxb4 9. axb4 O-O 10. O-O h6 11. Bb2 Qc7 12. Nbd2 g5 13. Ra3 a6 14. Nc4 Ng6 15.
Ne3 f5 16. exf5 Bxf5 17. Nxf5 Rxf5 18. Nd2 Nf4 19. Ne4 Re8 20. Bc1 Rf7 21. Rb3
Re6 22. g3 Nd5 23. c4 Ne7 24. b5 cxb5 25. cxb5 Nf5 26. Rc3 Qd8 27. bxa6 Rxa6
28. Kg2 Rc6 29. Rxc6 bxc6 30. Qc2 Qd5 31. Rd1 Ra7 32. Bb2 Ra2 33. Rb1 Nd4 34.
Qd1 Nb5 35. Kh2 Qf7 36. Qg4 Ra8 37. h4 1-0

[Event "Chess Olympiad 2012"]
[Site "?"]
[Date "????.??.??"]
[Round "1"]
[White "Khader, Sami"]
[Black "Kamsky, Gata"]
[Result "0-1"]
[WhiteElo "2392"]
[BlackElo "2746"]
[PlyCount "56"]

1. d4 d5 2. c4 c6 3. Nf3 Nf6 4. Nc3 a6 5. g3 Bf5 6. Bg2 e6 7. O-O Nbd7 8. Nh4
Bg6 9. Nxg6 hxg6 10. e4 dxc4 11. Qe2 b5 12. d5 Ne5 13. dxe6 fxe6 14. Bf4 Qb8
15. Rad1 Bc5 16. Nd5 g5 17. Be3 Bxe3 18. Nxe3 g4 19. Rd2 Qc7 20. f4 gxf3 21.
Bxf3 Ke7 22. Bg2 Rh6 23. Nd5+ exd5 24. exd5 Qb6+ 25. Kh1 Rxh2+ 26. Kxh2 Nfg4+
27. Qxg4 Nxg4+ 28. Kh3 Ne3 0-1

[Event "Chess Olympiad 2012"]
[Site "?"]
[Date "????.??.??"]
[Round "1"]
[White "Kojima, Shinya"]
[Black "Dominguez, Perez Leinier"]
[Result "0-1"]
[WhiteElo "2282"]
[BlackElo "2725"]
[PlyCount "82"]

1. c4 e6 2. d4 d5 3. Nf3 Nf6 4. g3 c5 5. Bg2 Nc6 6. cxd5 exd5 7. O-O Be7 8.
dxc5 Bxc5 9. Bg5 Be6 10. Nbd2 h6 11. Bxf6 Qxf6 12. Nb3 Bb6 13. Qd2 O-O 14. e3
Rfd8 15. Nfd4 Ne5 16. Rac1 Rac8 17. Qe2 Bg4 18. Qb5 a6 19. Qb4 Nd3 20. Qd2 Nxc1
21. Rxc1 Rxc1+ 22. Qxc1 Qg6 23. Qc2 Qxc2 24. Nxc2 Bf5 25. Ncd4 Bd3 26. Bf3 Kf8
27. Kg2 g6 28. Nc1 Bb1 29. a3 Ke7 30. Nce2 Be4 31. Bxe4 dxe4 32. b3 Bxd4 33.
Nxd4 Rxd4 34. exd4 Ke6 35. Kf1 Kd5 36. Ke2 Kxd4 37. Kd2 f5 38. h4 g5 39. hxg5
hxg5 40. b4 f4 41. gxf4 gxf4 0-1

[Event "Chess Olympiad 2012"]
[Site "?"]
[Date "????.??.??"]
[Round "1"]
[White "Munoz, Santana Jose Lisand"]
[Black "Grischuk, Alexander"]
[Result "0-1"]
[WhiteElo "2428"]
[BlackElo "2763"]
[PlyCount "72"]

1. e4 g6 2. d4 Bg7 3. Nc3 d6 4. Nf3 Nf6 5. Be3 a6 6. Qd2 b5 7. Bh6 O-O 8. Bd3
Nc6 9. Nd5 Bg4 10. Bxg7 Kxg7 11. Qc3 Nxd5 12. exd5 Bxf3 13. gxf3 Nb8 14. h4 Nd7
15. h5 Nb6 16. Qd2 Rh8 17. O-O-O Nxd5 18. Be4 c6 19. Rh3 e6 20. Bxd5 cxd5 21.
Qf4 Qe7 22. Qh2 g5 23. h6+ Kf8 24. Kb1 Rg8 25. f4 g4 26. Rg3 Qf6 27. Rc3 Rg6
28. Qg3 Qf5 29. Rc6 Rxh6 30. Qa3 Qxf4 31. Rxd6 Kg7 32. Rxa6 Qxd4 33. Rg1 b4 34.
Qf3 Rg6 35. Qe2 Rxa6 36. Qxa6 g3 0-1

[Event "Chess Olympiad 2012"]
[Site "?"]
[Date "????.??.??"]
[Round "1"]
[White "Naiditsch, Arkadij"]
[Black "Dive, Russell"]
[Result "1-0"]
[WhiteElo "2712"]
[BlackElo "2334"]
[PlyCount "81"]

1. d4 Nf6 2. Nf3 g6 3. c4 Bg7 4. Nc3 O-O 5. Bg5 h6 6. Bh4 d6 7. e3 Nbd7 8. Be2
e5 9. O-O Re8 10. Qc2 c6 11. Rfd1 Qc7 12. dxe5 dxe5 13. Rd2 a5 14. Rad1 Nc5 15.
e4 Bg4 16. h3 Bxf3 17. Bxf3 g5 18. Bg3 Bf8 19. b3 h5 20. a3 Ne6 21. Qb2 Be7 22.
Nd5 cxd5 23. Bxe5 Qc5 24. exd5 g4 25. Bxf6 gxf3 26. dxe6 fxe6 27. Rd7 Kf7 28.
Bh4 Qf5 29. Bxe7 Rg8 30. Bh4+ Kg6 31. Qb1 Raf8 32. Qxf5+ Rxf5 33. Rd8 Rg7 34.
R1d7 b5 35. Rxg7+ Kxg7 36. Rd7+ Kf8 37. Bg3 bxc4 38. bxc4 Rg5 39. h4 Rg4 40. c5
Ke8 41. Rh7 1-0